000 00700nam a2200265Ia 4500
005 20260306164305.0
008 008 260114s9999 xx 000 0 eng d
020 _a9780226695761
037 _aEBOOK
040 _aCRL
040 _beng
040 _cCRL
041 _2eng
041 _aeng
084 _qCRL
100 _aGanguli, Kahn, Macgarvie
_91130366
245 4 _aThe Roles Of Immigrants And Foreign Students In Us Science, Innovation, And Entrepreneurship
260 _bUniversity of Chicago Press
260 _c2020
650 _aEconomics & Finance
856 _uhttps://academic.oup.com/book/35957
942 _cEBOOK
999 _c1713527
_d1713527